<?xml version="1.0" encoding="UTF-8"?><?xml-stylesheet type="text/xsl" href="static/style.xsl"?><OAI-PMH xmlns="http://www.openarchives.org/OAI/2.0/" xmlns:xsi="http://www.w3.org/2001/XMLSchema-instance" xsi:schemaLocation="http://www.openarchives.org/OAI/2.0/ http://www.openarchives.org/OAI/2.0/OAI-PMH.xsd"><responseDate>2026-04-14T15:27:42Z</responseDate><request verb="GetRecord" identifier="oai:uvadoc.uva.es:10324/57745" metadataPrefix="marc">https://uvadoc.uva.es/oai/request</request><GetRecord><record><header><identifier>oai:uvadoc.uva.es:10324/57745</identifier><datestamp>2022-12-13T20:01:26Z</datestamp><setSpec>com_10324_38</setSpec><setSpec>col_10324_852</setSpec></header><metadata><record xmlns="http://www.loc.gov/MARC21/slim" xmlns:doc="http://www.lyncode.com/xoai" xmlns:xsi="http://www.w3.org/2001/XMLSchema-instance" xmlns:dcterms="http://purl.org/dc/terms/" xsi:schemaLocation="http://www.loc.gov/MARC21/slim http://www.loc.gov/standards/marcxml/schema/MARC21slim.xsd">
<leader>00925njm 22002777a 4500</leader>
<datafield tag="042" ind1=" " ind2=" ">
<subfield code="a">dc</subfield>
</datafield>
<datafield tag="720" ind1=" " ind2=" ">
<subfield code="a">Tomás Romano, Estefanía</subfield>
<subfield code="e">author</subfield>
</datafield>
<datafield tag="260" ind1=" " ind2=" ">
<subfield code="c">2020</subfield>
</datafield>
<datafield tag="520" ind1=" " ind2=" ">
<subfield code="a">El trabajo se estructura en dos bloques diferenciados. En el primero, se describe el sistema universitario español, público y privado y se analizan datos objetivos relacionados con su gestión y financiación. En base a este análisis, se establece una breve y siempre enriquecedora comparativa con los sistemas de nuestro entorno. &#xd;
En el segundo bloque de análisis práctico, se estudia la Universidad de Valladolid en cifras y se comparan éstas con las de la Universidad de Salamanca, estableciendo después unos ítems elaborados que nos permiten relacionar y comparar los recursos consumidos con los resultados alcanzados. En particular, se establecen ratios de comparación en gastos de personal, gastos corrientes, ingresos y financiación e inversiones. Estos son solo algunos de los posibles elegidos por considerarlos importantes y por las limitaciones de extensión de este trabajo.</subfield>
</datafield>
<datafield tag="024" ind2=" " ind1="8">
<subfield code="a">https://uvadoc.uva.es/handle/10324/57745</subfield>
</datafield>
<datafield tag="245" ind1="0" ind2="0">
<subfield code="a">Una aproximación al sistema universitario español. Comparativa presupuestaria de las Universidades de Valladolid y Salamanca (2016-2019)</subfield>
</datafield>
</record></metadata></record></GetRecord></OAI-PMH>